[Event "Rated Blitz game"]
[Site "?"]
[Date "2021.06.15"]
[Round "?"]
[White "Mountain_Hiker"]
[Black "retardedplatypus123"]
[Result "0-1"]
[WhiteElo "2500"]
[BlackElo "2559"]
[PlyCount "134"]
[EventDate "2021.??.??"]
[EventType "blitz"]

1. e4 e5 2. Nf3 Nc6 3. c3 d5 4. Qa4 f6 5. Bb5 Nge7 6. exd5 Qxd5 7. d4 e4 8.
Nfd2 Qg5 9. Rg1 Bd7 10. Na3 e3 11. Nf3 exf2+ 12. Kxf2 Qh5 13. Bf4 O-O-O 14. Nc4
Nd5 15. Bg3 f5 16. Bxc6 Bxc6 17. Qxa7 Bd6 18. Nfe5 Nb6 19. Nxb6+ cxb6 20. Qxb6
f4 21. Bxf4 Rhf8 22. g3 Qxh2+ 23. Ke3 g5 24. Nxc6 gxf4+ 25. Kd3 bxc6 26. Qxc6+
Bc7 27. gxf4 Rxf4 28. Rg7 Rf2 29. Kc4 Rxb2 30. Qa6+ Kb8 31. Rg5 Qe2+ 32. Kc5
Qxa6 33. d5 Rb5+ 34. Kd4 Qb6+ 35. Kd3 Rbxd5+ 36. Rxd5 Rxd5+ 37. Kc2 Qc5 38.
Rb1+ Ka7 39. Rb3 Ba5 40. Kb2 Rd3 41. Kc2 Rxc3+ 42. Rxc3 Qxc3+ 43. Kb1 Qa3 44.
Kc2 Bc3 45. Kd3 Qxa2 46. Ke4 Qg2+ 47. Kd3 h5 48. Kc4 Be1 49. Kd4 Kb7 50. Kd3
Kc7 51. Kc4 Kd7 52. Kd4 Ke7 53. Kc4 Kf7 54. Kd4 Kg7 55. Kc4 Kg6 56. Kd4 h4 57.
Kc4 h3 58. Kd4 h2 59. Kc4 h1=Q 60. Kd4 Qhg1+ 61. Kc4 Bf2 62. Kd3 Bg3 63. Kc4
Bh2 64. Kd3 Qd1+ 65. Kc4 Qgc2+ 66. Kb4 Qdb1+ 67. Ka5 Qca2# {Normal} 0-1

[Event "Rated Blitz tournament DClGu7An"]
[Site "?"]
[Date "2021.06.15"]
[Round "?"]
[White "Puedolograrlo"]
[Black "marcoskaparov"]
[Result "1-0"]
[WhiteElo "2442"]
[BlackElo "2220"]
[PlyCount "45"]
[EventDate "2021.??.??"]
[EventType "blitz"]

1. e4 e5 2. Nf3 Nc6 3. c3 Nf6 4. d4 exd4 5. e5 Ng4 6. cxd4 Bb4+ 7. Nc3 Bxc3+ 8.
bxc3 h5 9. Bd3 d6 10. h3 Nh6 11. O-O dxe5 12. Re1 Be6 13. Nxe5 Nxe5 14. Rxe5 c6
15. Bg5 Qd7 16. Qxh5 Kf8 17. Rae1 Re8 18. Qf3 Kg8 19. Bf6 gxf6 20. Qxf6 Rh7 21.
Rg5+ Kf8 22. Bxh7 Nf5 23. Rg8# {Normal} 1-0

[Event "Rated Rapid game"]
[Site "?"]
[Date "2021.06.15"]
[Round "?"]
[White "joseMF"]
[Black "joecima"]
[Result "1-0"]
[WhiteElo "2417"]
[BlackElo "2372"]
[PlyCount "91"]
[EventDate "2021.??.??"]
[EventType "rapid"]

1. e4 e5 2. Nf3 Nc6 3. c3 Nf6 4. Qc2 Bc5 5. Bc4 O-O 6. h3 d5 7. exd5 Nxd5 8. d3
Nb6 9. Bb3 h6 10. O-O Qf6 11. Be3 Bd6 12. Nbd2 Be6 13. Ne4 Qe7 14. Rae1 Nd5 15.
Ng3 Nxe3 16. Rxe3 Bc5 17. Re2 Bd6 18. Rfe1 Qf6 19. Ne4 Qg6 20. Ng3 Rae8 21. Qd1
f5 22. Nh4 Qg5 23. Nf3 Qg6 24. Nh4 Qg5 25. Bxe6+ Rxe6 26. Qb3 Nd8 27. Nf3 Qf6
28. Nxe5 Rfe8 29. Nf3 Bxg3 30. fxg3 Kh7 31. Rxe6 Rxe6 32. Rf1 Re2 33. Nd4 Rd2
34. Rf2 Rxf2 35. Kxf2 f4 36. gxf4 Qxf4+ 37. Nf3 b6 38. Qd5 Nf7 39. g3 Qf6 40.
Qe4+ Kg8 41. Qa8+ Kh7 42. h4 Ne5 43. Qe4+ Ng6 44. h5 Kg8 45. hxg6 Qd6 46. Qe8+
{Normal} 1-0

[Event "Rated Blitz game"]
[Site "?"]
[Date "2021.06.15"]
[Round "?"]
[White "eduardo_tunguia"]
[Black "emmacristal"]
[Result "0-1"]
[WhiteElo "2415"]
[BlackElo "2334"]
[PlyCount "46"]
[EventDate "2021.??.??"]
[EventType "blitz"]

1. e4 e5 2. Nf3 Nc6 3. c3 Nf6 4. d3 d5 5. Qc2 Bc5 6. Be2 O-O 7. O-O h6 8. h3
Be6 9. b4 Bd6 10. a4 a6 11. Bb2 Qd7 12. Kh2 Rae8 13. Nbd2 Nh5 14. Nb3 Nf4 15.
Ng1 dxe4 16. dxe4 Nxe2 17. Qxe2 Bxb3 18. Nf3 Ne7 19. b5 axb5 20. axb5 Ra8 21.
c4 c6 22. Qd3 Ba4 23. Nxe5 Bxe5+ {Normal} 0-1

[Event "Rated Blitz game"]
[Site "?"]
[Date "2021.06.15"]
[Round "?"]
[White "eduardo_tunguia"]
[Black "ElCidCampeador"]
[Result "1/2-1/2"]
[WhiteElo "2422"]
[BlackElo "2376"]
[PlyCount "139"]
[EventDate "2021.??.??"]
[EventType "blitz"]

1. e4 e5 2. Nf3 Nc6 3. c3 Nf6 4. d3 h6 5. Be2 a5 6. O-O Bc5 7. Nbd2 d6 8. Nc4
Bg4 9. Ne3 Bh5 10. d4 exd4 11. cxd4 Bb6 12. e5 dxe5 13. dxe5 Qxd1 14. Rxd1 Bxf3
15. Bxf3 Nxe5 16. Bxb7 Rb8 17. Ba6 O-O 18. Bd2 Neg4 19. Nxg4 Nxg4 20. Be1 Rfe8
21. h3 Rxe1+ 22. Rxe1 Bxf2+ 23. Kf1 Bxe1 24. Rxe1 Nf6 25. b3 Kf8 26. Bc4 Rd8
27. Re2 Rd4 28. a4 c6 29. Kf2 Nd5 30. Re5 f6 31. Rh5 Kf7 32. g3 Kg6 33. g4 Kh7
34. Bxd5 cxd5 35. Ke3 Rb4 36. Rxd5 Rxb3+ 37. Rd3 Rb1 38. Rd5 Rh1 39. Rh5 g6 40.
Rxa5 Rxh3+ 41. Kf4 Ra3 42. Ra7+ Kg8 43. a5 h5 44. gxh5 gxh5 45. Kf5 h4 46. Kg6
Rg3+ 47. Kxf6 h3 48. Ra8+ Kh7 49. Ra7+ Kh6 50. Ra8 Rf3+ 51. Ke5 Kg7 52. Rc8 h2
53. Rc1 Rf2 54. a6 Ra2 55. Rh1 Kg6 56. a7 Kg5 57. Rxh2 Rxa7 58. Rg2+ Kh4 59.
Rg6 Ra5+ 60. Ke4 Ra4+ 61. Ke3 Ra3+ 62. Ke2 Ra2+ 63. Ke1 Rb2 64. Rg8 Kh5 65. Rg7
Kh6 66. Rg4 Ra2 67. Rg8 Kh7 68. Rg1 Ra1+ 69. Kf2 Rxg1 70. Kxg1 {Normal} 1/2-1/2

[Event "Rated Blitz game"]
[Site "?"]
[Date "2021.06.15"]
[Round "?"]
[White "Mulika13"]
[Black "jgeg"]
[Result "1/2-1/2"]
[WhiteElo "2573"]
[BlackElo "2599"]
[PlyCount "126"]
[EventDate "2021.??.??"]
[EventType "blitz"]

1. e4 e5 2. Nf3 Nc6 3. c3 Nf6 4. d4 Nxe4 5. d5 Ne7 6. Nxe5 Ng6 7. Nxg6 hxg6 8.
Qe2 Qe7 9. Bf4 d6 10. Nd2 Nxd2 11. Kxd2 Qxe2+ 12. Bxe2 Be7 13. Rae1 g5 14. Be3
Bd7 15. h3 a5 16. Rhf1 a4 17. Bd4 Kf8 18. Bf3 Bd8 19. Re3 a3 20. b4 Be7 21.
Bxg7+ Kxg7 22. Rxe7 Rad8 23. Rfe1 Kf6 24. R1e2 Rh4 25. R7e4 Bb5 26. R2e3 Bc4
27. Rxh4 gxh4 28. Be2 Bxa2 29. c4 Ra8 30. Kc1 b5 31. cxb5 Bxd5 32. Kb1 Bxg2 33.
Ka2 Bd5+ 34. Ka1 a2 35. Bf3 Bxf3 36. Rxf3+ Ke6 37. Rc3 Ra7 38. Rc4 Ra3 39. Rxh4
Rb3 40. Kxa2 Rf3 41. Rh6+ Ke7 42. h4 Rxf2+ 43. Kb3 Rf3+ 44. Kc4 Rf4+ 45. Kc3
Rg4 46. h5 Rh4 47. Rh8 Ke6 48. h6 Kd5 49. h7 f5 50. Kd3 Rh3+ 51. Ke2 Kd4 52.
Kf2 Kc4 53. b6 cxb6 54. Rc8+ Kxb4 55. h8=Q Rxh8 56. Rxh8 Kc3 57. Rf8 b5 58.
Rxf5 b4 59. Rf6 b3 60. Rxd6 b2 61. Rc6+ Kb3 62. Rb6+ Kc2 63. Rxb2+ Kxb2 {Normal
} 1/2-1/2

[Event "Rated Rapid game"]
[Site "?"]
[Date "2021.06.15"]
[Round "?"]
[White "Tokama"]
[Black "Gerryuragon"]
[Result "0-1"]
[WhiteElo "2247"]
[BlackElo "2449"]
[PlyCount "104"]
[EventDate "2021.??.??"]
[EventType "rapid"]

1. Nf3 Nc6 2. e4 e5 3. c3 d5 4. exd5 Qxd5 5. c4 Qe4+ 6. Qe2 Qxe2+ 7. Bxe2 Nf6
8. O-O Bg4 9. h3 Bh5 10. Re1 O-O-O 11. a3 Bxf3 12. Bxf3 Nd4 13. Rxe5 Nb3 14.
Rb5 Nxa1 15. Bxb7+ Kd7 16. Nc3 Nc2 17. d3 Nd4 18. Ra5 Rb8 19. Rxa7 Bc5 20. Ra5
Bb6 21. Rd5+ Nxd5 22. Bxd5 f6 23. b4 c6 24. Be4 Rbe8 25. Be3 Ba7 26. c5 Nc2 27.
Bf5+ Ke7 28. Bf4 Nxa3 29. Ne4 g6 30. Bd6+ Kf7 31. Bd7 Rd8 32. Bxc6 Bb8 33. Bd5+
Kg7 34. Bc6 Bxd6 35. Nxd6 Rxd6 36. cxd6 Rd8 37. d7 Kf7 38. Kf1 Ke7 39. Ke2 Kd6
40. Ba4 Kc7 41. h4 Kb6 42. h5 Nb5 43. Ke3 Rxd7 44. hxg6 hxg6 45. g4 Rd5 46. f4
Nc3 47. Bb3 Rd6 48. Bc4 Nd5+ 49. Ke4 Nxb4 50. g5 fxg5 51. Ke5 Kc5 52. fxg5
Nxd3+ {Normal} 0-1

[Event "Rated Blitz game"]
[Site "?"]
[Date "2021.06.15"]
[Round "?"]
[White "HpRmDrNsT"]
[Black "Mistango"]
[Result "0-1"]
[WhiteElo "2470"]
[BlackElo "2534"]
[PlyCount "84"]
[EventDate "2021.??.??"]
[EventType "blitz"]

1. e4 e5 2. Nf3 Nc6 3. c3 Nf6 4. Qa4 d6 5. d4 Bd7 6. Qc2 Be7 7. Bd3 O-O 8. O-O
h6 9. h3 exd4 10. Nxd4 d5 11. Nxc6 Bxc6 12. e5 Ne4 13. Nd2 Nc5 14. Bh7+ Kh8 15.
Nf3 Ne4 16. Bf5 Bc5 17. Nd4 Qh4 18. Qd3 Rae8 19. Be3 Qh5 20. Bg4 Qxe5 21. Nxc6
bxc6 22. Bd7 Bxe3 23. Qxe3 Rb8 24. Rab1 Qd6 25. Bg4 f5 26. Bf3 a5 27. Rfe1 a4
28. b4 axb3 29. axb3 Qc5 30. Qxc5 Nxc5 31. b4 Ne4 32. Rec1 Rb7 33. c4 Rfb8 34.
b5 Nd2 35. Rb2 Nxc4 36. Re2 Rxb5 37. Kh2 R5b6 38. Rce1 Nd6 39. Re7 R6b7 40. Bh5
Rf8 41. R1e6 Ne4 42. Bg6 Nf6 {Time forfeit} 0-1

[Event "Rated Blitz game"]
[Site "?"]
[Date "2021.06.15"]
[Round "?"]
[White "Mulika13"]
[Black "Quaritch79"]
[Result "1/2-1/2"]
[WhiteElo "2561"]
[BlackElo "2477"]
[PlyCount "49"]
[EventDate "2021.??.??"]
[EventType "blitz"]

1. e4 e5 2. Nf3 Nc6 3. c3 Nf6 4. d4 exd4 5. e5 Nd5 6. Bc4 Nb6 7. Bb3 d5 8. cxd4
Bf5 9. Nc3 Be7 10. O-O O-O 11. a3 Kh8 12. Ne2 f6 13. Ng3 Bg6 14. Re1 fxe5 15.
dxe5 Bc5 16. Bg5 Qd7 17. e6 Qd6 18. Rc1 Rae8 19. Qe2 Nd4 20. Nxd4 Bxd4 21. Nh1
c5 22. Bh4 c4 23. Bg3 Qe7 24. Bc2 Bxc2 25. Rxc2 {Normal} 1/2-1/2

[Event "Rated Blitz tournament 6KZaY8JT"]
[Site "?"]
[Date "2021.06.15"]
[Round "?"]
[White "Buddy15"]
[Black "zyxon"]
[Result "0-1"]
[WhiteElo "2259"]
[BlackElo "2522"]
[PlyCount "38"]
[EventDate "2021.??.??"]
[EventType "blitz"]

1. e4 e5 2. Nf3 Nc6 3. c3 d5 4. exd5 Qxd5 5. d4 e4 6. Nfd2 Nf6 7. Bc4 Qg5 8.
Kf1 Qh4 9. Qe1 Bd6 10. Nf3 Qh5 11. h3 O-O 12. Ng5 Bf5 13. Nd2 Rae8 14. Be2 Qxg5
15. Nxe4 Qg6 16. Nxd6 cxd6 17. Be3 Nd5 18. Qd2 Be4 19. Rg1 Re7 {Time forfeit}
0-1

[Event "Rated Blitz game"]
[Site "?"]
[Date "2021.06.15"]
[Round "?"]
[White "Portdawg"]
[Black "najull"]
[Result "0-1"]
[WhiteElo "2397"]
[BlackElo "2421"]
[PlyCount "64"]
[EventDate "2021.??.??"]
[EventType "blitz"]

1. e4 e5 2. Nf3 Nc6 3. c3 Nf6 4. d4 Nxe4 5. d5 Bc5 6. dxc6 Bxf2+ 7. Ke2 bxc6 8.
Nbd2 Ba6+ 9. c4 Nxd2 10. Kxd2 O-O 11. Qa4 e4 12. Ke2 exf3+ 13. Kxf2 fxg2 14.
Bxg2 Qh4+ 15. Kf3 Bxc4 16. Qc2 Rae8 17. Rd1 Be2+ 18. Qxe2 Rxe2 19. Kxe2 Qg4+
20. Bf3 Re8+ 21. Kf2 Qh4+ 22. Kg2 g5 23. h3 h5 24. Rh1 Qd4 25. Bxg5 Qxb2+ 26.
Kg3 Qe5+ 27. Kh4 Qf5 28. Bxh5 Re4+ 29. Bg4 f6 30. Bd2 Qd5 31. Rad1 f5 32. Bf4
Qc4 {Time forfeit} 0-1

[Event "Rated Blitz tournament E2d88NmV"]
[Site "?"]
[Date "2021.06.15"]
[Round "?"]
[White "maratgil"]
[Black "RussianGrossKiller"]
[Result "0-1"]
[WhiteElo "2357"]
[BlackElo "2505"]
[PlyCount "102"]
[EventDate "2021.??.??"]
[EventType "blitz"]

1. e4 e5 2. Nf3 Nc6 3. c3 Bc5 4. d4 exd4 5. cxd4 Bb4+ 6. Bd2 Bxd2+ 7. Nbxd2 d5
8. e5 Nge7 9. Bd3 Bf5 10. Qc2 Qd7 11. a3 Bxd3 12. Qxd3 O-O 13. Nb3 b6 14. O-O
Nd8 15. Rac1 Ne6 16. g3 Rac8 17. h4 c5 18. Nbd2 c4 19. Qb1 Nc6 20. Qf5 Rfd8 21.
Rfd1 Nexd4 22. Nxd4 Nxd4 23. Qh5 Qf5 24. Qxf5 Nxf5 25. Kg2 b5 26. a4 a6 27.
axb5 axb5 28. Ra1 d4 29. Ra5 Rb8 30. Ne4 d3 31. Nc3 b4 32. Ne4 Rbc8 33. Rb5 c3
34. bxc3 bxc3 35. Nxc3 Rxc3 36. Rb2 Rcc8 37. Rbd2 Kf8 38. h5 Rc3 39. g4 Ne7 40.
f4 Nc6 41. Kf3 Ke7 42. Ke4 f6 43. exf6+ Kxf6 44. Rxd3 Rcxd3 45. Rxd3 Rxd3 46.
Kxd3 Nb4+ 47. Ke3 h6 48. Ke4 Na6 49. Kf3 Ke6 50. Kg3 Nc5 51. g5 Kf5 {Time
forfeit} 0-1

[Event "Rated Blitz game"]
[Site "?"]
[Date "2021.06.15"]
[Round "?"]
[White "IBERMAN"]
[Black "Adelin"]
[Result "1/2-1/2"]
[WhiteElo "2407"]
[BlackElo "2446"]
[PlyCount "24"]
[EventDate "2021.??.??"]
[EventType "blitz"]

1. e4 e5 2. Nf3 Nc6 3. c3 d5 4. Qa4 f6 5. d3 Nge7 6. Be2 Be6 7. O-O Qd7 8. b4
dxe4 9. dxe4 Nc8 10. Rd1 Qf7 11. Be3 Nb6 12. Bxb6 cxb6 {Normal} 1/2-1/2

[Event "Rated Blitz game"]
[Site "?"]
[Date "2021.06.15"]
[Round "?"]
[White "NebilSelami"]
[Black "pele1397"]
[Result "1-0"]
[WhiteElo "2280"]
[BlackElo "2400"]
[PlyCount "77"]
[EventDate "2021.??.??"]
[EventType "blitz"]

1. e4 e5 2. Nf3 Nc6 3. c3 Bc5 4. d4 exd4 5. cxd4 Bb6 6. d5 Nce7 7. Nc3 Ng6 8.
h4 d6 9. h5 Ne5 10. Nxe5 dxe5 11. Qg4 Qf6 12. Qg3 h6 13. Be3 Ne7 14. O-O-O Bd7
15. Kb1 O-O-O 16. Rc1 Kb8 17. Bxb6 axb6 18. Bb5 Nc8 19. Bxd7 Rxd7 20. Rc2 Nd6
21. Rhc1 g6 22. hxg6 fxg6 23. f3 g5 24. Qg4 Rhd8 25. Rh1 Nc4 26. Qg3 Qd6 27.
Nd1 Qb4 28. Ka1 Rd6 29. Nc3 Nxb2 30. Rb1 Qd4 31. Kxb2 c6 32. Rd1 Qb4+ 33. Ka1
Rc8 34. Qxe5 cxd5 35. Rxd5 Rcc6 36. Rxd6 Rxd6 37. Rd2 Kc7 38. Qxd6+ Qxd6 39.
Nb5+ {Normal} 1-0

[Event "Rated Blitz game"]
[Site "?"]
[Date "2021.06.15"]
[Round "?"]
[White "Zadokhlik"]
[Black "FeedTheTweed"]
[Result "1-0"]
[WhiteElo "2507"]
[BlackElo "2494"]
[PlyCount "69"]
[EventDate "2021.??.??"]
[EventType "blitz"]

1. e4 e5 2. Nf3 Nc6 3. c3 Nf6 4. d3 Bc5 5. Be2 d6 6. O-O O-O 7. b4 Bb6 8. a3 a5
9. Bb2 axb4 10. axb4 Rxa1 11. Bxa1 d5 12. Nbd2 dxe4 13. dxe4 Re8 14. Qc2 Bg4
15. Nc4 Ba7 16. b5 Bxf3 17. Bxf3 Nb8 18. Rd1 Qe7 19. Na5 Bb6 20. Nxb7 h6 21. c4
Nbd7 22. Bc3 Nc5 23. Na5 Rd8 24. Nc6 Rxd1+ 25. Qxd1 Qe6 26. Qe2 g5 27. g3 Kg7
28. Nxe5 Na4 29. Ba1 Qd6 30. Ng4 Bd4 31. e5 Qc5 32. exf6+ Kg6 33. Be4+ Kh5 34.
Ne5+ g4 35. Qxg4# {Normal} 1-0

[Event "Rated Blitz game"]
[Site "?"]
[Date "2021.06.15"]
[Round "?"]
[White "HpRmDrNsT"]
[Black "Cshuki"]
[Result "1-0"]
[WhiteElo "2477"]
[BlackElo "2436"]
[PlyCount "53"]
[EventDate "2021.??.??"]
[EventType "blitz"]

1. e4 e5 2. Nf3 Nc6 3. c3 Nf6 4. Qa4 Bc5 5. b4 Bb6 6. b5 Ne7 7. Nxe5 O-O 8. Be2
d5 9. exd5 Qxd5 10. Nf3 Re8 11. O-O Ng6 12. Bc4 Qh5 13. d4 Bh3 14. Bxf7+ Kxf7
15. Ng5+ Kg8 16. Nxh3 Nh4 17. Qc4+ Kh8 18. Ng5 h6 19. Nf7+ Kh7 20. Bf4 Nxg2 21.
Kxg2 Nd5 22. Ng5+ hxg5 23. Qxd5 Qg4+ 24. Bg3 Rad8 25. Qc4 Re2 26. Qd3+ Kh6 27.
Qf3 {Normal} 1-0

[Event "Rated Rapid game"]
[Site "?"]
[Date "2021.06.15"]
[Round "?"]
[White "joseMF"]
[Black "fiocuba"]
[Result "1-0"]
[WhiteElo "2411"]
[BlackElo "2286"]
[PlyCount "155"]
[EventDate "2021.??.??"]
[EventType "rapid"]

1. e4 e5 2. Nf3 Nc6 3. c3 d6 4. d4 Be7 5. Bc4 Nf6 6. Qc2 O-O 7. h3 exd4 8. cxd4
d5 9. exd5 Nxd5 10. O-O Bf6 11. Be3 Nce7 12. Nc3 c6 13. Nxd5 Nxd5 14. Rfe1 Be6
15. Rad1 Nb4 16. Qb3 Bxc4 17. Qxc4 Nd5 18. a3 Re8 19. Bc1 Qa5 20. b4 Qb6 21.
Bb2 a6 22. Ne5 Qc7 23. Ng4 Qd6 24. g3 Re6 25. Rxe6 Qxe6 26. Nxf6+ Qxf6 27. Re1
h5 28. h4 Rd8 29. Qe2 g6 30. Qe4 Qd6 31. Kg2 Qd7 32. Qe5 Qd6 33. Qe2 Qf6 34.
Qe4 Qd6 35. Rd1 Nf6 36. Qe2 Nd5 37. Qd2 Re8 38. Bc1 Qe6 39. Qd3 Qe4+ 40. Kf1
Qxd3+ 41. Rxd3 f6 42. Bd2 Kf7 43. Kg2 Re4 44. Kf3 f5 45. Bg5 Re1 46. Rb3 Rd1
47. Be3 Ke6 48. a4 Ra1 49. a5 Ra4 50. Bd2 Ra2 51. Ke2 Ra1 52. Kd3 Rf1 53. Ke2
Ra1 54. Rb2 Ra3 55. Be3 Rc3 56. Bd2 Ra3 57. Kd1 Ra1+ 58. Ke2 Ra4 59. Kd3 Ra3+
60. Kc4 Rf3 61. Be1 f4 62. Re2+ Kd7 63. Re5 fxg3 64. fxg3 Re3 65. Bd2 Rxe5 66.
dxe5 Ke6 67. Kd4 Kf5 68. Bf4 Nc7 69. Kc5 Nd5 70. Kd6 Nxb4 71. e6 Nd5 72. e7
Nxe7 73. Kxe7 c5 74. Kd6 c4 75. Kc5 c3 76. Kc4 c2 77. Kc3 Kg4 78. Kxc2 {Normal}
1-0

[Event "Rated Blitz game"]
[Site "?"]
[Date "2021.06.15"]
[Round "?"]
[White "mikromurks"]
[Black "Chessmotion"]
[Result "1-0"]
[WhiteElo "2476"]
[BlackElo "2508"]
[PlyCount "71"]
[EventDate "2021.??.??"]
[EventType "blitz"]

1. e4 e5 2. Nf3 Nc6 3. c3 Nf6 4. d4 exd4 5. e5 Nd5 6. Bc4 Nb6 7. Bb3 d6 8. Ng5
d5 9. cxd4 Bb4+ 10. Nc3 f6 11. exf6 Qxf6 12. O-O Bxc3 13. bxc3 O-O 14. Qh5 Bf5
15. Ba3 Bg6 16. Qg4 Rfe8 17. Rfe1 h6 18. Ne4 Bxe4 19. Rxe4 Na5 20. Rf4 Qe6 21.
Rf8+ Kh7 22. Bc2+ g6 23. Qxe6 Rxe6 24. Rf7+ Kg8 25. Rxc7 Rae8 26. h4 Nbc4 27.
Bb4 Re1+ 28. Rxe1 Rxe1+ 29. Kh2 Re2 30. Bxg6 Rxf2 31. Bh7+ Kh8 32. Kg3 Rf6 33.
Bd3 a6 34. Be7 Rf7 35. Bg6 Rg7 36. Bf6 {Normal} 1-0

[Event "Rated Blitz game"]
[Site "?"]
[Date "2021.06.15"]
[Round "?"]
[White "Mulika13"]
[Black "Quaritch79"]
[Result "1-0"]
[WhiteElo "2574"]
[BlackElo "2479"]
[PlyCount "53"]
[EventDate "2021.??.??"]
[EventType "blitz"]

1. e4 e5 2. Nf3 Nc6 3. c3 Nf6 4. d4 exd4 5. e5 Bb4 6. cxb4 Nd5 7. a3 a5 8. b5
Nce7 9. Qxd4 O-O 10. Bc4 c6 11. O-O b6 12. Nc3 c5 13. Qh4 Nxc3 14. bxc3 Ng6 15.
Qh5 Bb7 16. Bg5 Qe8 17. Rfe1 Kh8 18. Re3 Bxf3 19. gxf3 Nxe5 20. f4 f6 21. Qxe8
Raxe8 22. fxe5 fxg5 23. Rd1 Rf4 24. Bf1 Re7 25. Rd6 h6 26. Rxb6 Ra4 27. c4 {
Normal} 1-0

[Event "Rated Blitz game"]
[Site "?"]
[Date "2021.06.15"]
[Round "?"]
[White "ilalchemer"]
[Black "imsk"]
[Result "0-1"]
[WhiteElo "2442"]
[BlackElo "2510"]
[PlyCount "118"]
[EventDate "2021.??.??"]
[EventType "blitz"]

1. e4 e5 2. Nf3 Nc6 3. c3 d5 4. Bb5 dxe4 5. Nxe5 Qd5 6. Qa4 Nge7 7. f4 Be6 8.
O-O a6 9. c4 Qc5+ 10. Kh1 Rd8 11. Bxc6+ Nxc6 12. Nc3 f5 13. b4 Qxb4 14. Nxc6
Qxa4 15. Nxa4 bxc6 16. c5 Be7 17. Rb1 Kf7 18. Rb7 Rd7 19. Ra7 Bxa2 20. Nb6 Rd4
21. Rxc7 Rhd8 22. Nc8 R4d7 23. Rxc6 Bc4 24. Re1 Bb5 25. Nd6+ Bxd6 26. Rxd6 Rxd6
27. cxd6 Rxd6 28. h3 a5 29. Re3 a4 30. Rc3 Ke6 31. g4 g6 32. Kg2 Rc6 33. Rxc6+
Bxc6 34. Kf2 Kd5 35. Ke3 Kc4 36. gxf5 gxf5 37. Bb2 Kb3 38. Bf6 a3 39. Kd4 Kc2
40. Ke5 Bd7 41. Kd6 Bc8 42. Bc3 a2 43. Kc7 Ba6 44. Kd6 Kb1 45. Ke5 Bc8 46. Kf6
a1=Q 47. Bxa1 Kxa1 48. Kg7 Kb2 49. Kxh7 Kc2 50. Kg7 Kxd2 51. h4 e3 52. h5 e2
53. h6 e1=Q 54. h7 Qg3+ 55. Kf8 Qh4 56. Kg7 Qg4+ 57. Kf8 Qh5 58. Kg7 Ke3 59.
h8=Q Qxh8+ {Normal} 0-1

[Event "Rated Blitz game"]
[Site "?"]
[Date "2021.06.15"]
[Round "?"]
[White "Ryba-Kit"]
[Black "TeaGirl"]
[Result "1-0"]
[WhiteElo "2349"]
[BlackElo "2507"]
[PlyCount "99"]
[EventDate "2021.??.??"]
[EventType "blitz"]

1. e4 e5 2. Nf3 Nc6 3. c3 d6 4. d4 Nf6 5. Bb5 Bd7 6. O-O Be7 7. Re1 O-O 8. Bd3
exd4 9. cxd4 Bg4 10. Be3 d5 11. e5 Ne4 12. Nc3 f5 13. Qb3 Nxc3 14. bxc3 Bxf3
15. gxf3 f4 16. Bd2 b6 17. Be4 Kh8 18. Qxd5 Na5 19. Qxa8 Qxa8 20. Bxa8 Rxa8 21.
Re4 g5 22. d5 b5 23. Rb1 a6 24. Rd4 Bc5 25. Rd3 Nc4 26. Re1 Nb2 27. Rd4 Bxd4
28. cxd4 Nc4 29. Bb4 Rd8 30. e6 Re8 31. h4 h6 32. hxg5 hxg5 33. Kg2 Kg7 34. Kh3
Kf6 35. Kg4 Nb6 36. d6 Rxe6 37. Rxe6+ Kxe6 38. dxc7 Kd5 39. Bc5 Nc8 40. Kxg5 a5
41. Kxf4 b4 42. Ke3 Kc4 43. f4 Kc3 44. f5 a4 45. f6 b3 46. axb3 axb3 47. Ba3
Nb6 48. Ke4 b2 49. Bxb2+ Kxb2 50. f7 {Normal} 1-0

[Event "Rated Blitz game"]
[Site "?"]
[Date "2021.06.15"]
[Round "?"]
[White "ZeruHmyz"]
[Black "Myssilrin"]
[Result "0-1"]
[WhiteElo "2479"]
[BlackElo "2574"]
[PlyCount "106"]
[EventDate "2021.??.??"]
[EventType "blitz"]

1. e4 e5 2. Nf3 Nc6 3. c3 Nf6 4. Qc2 Bc5 5. b4 Bb6 6. a4 a6 7. Be2 O-O 8. d3 d5
9. Bg5 dxe4 10. dxe4 h6 11. Bh4 Bg4 12. h3 Bh5 13. g4 Bg6 14. Nbd2 Qe7 15. Bd3
Rad8 16. Nc4 Ba7 17. b5 Nb8 18. Nfxe5 Nbd7 19. Nxd7 Qxd7 20. Ne5 Qd6 21. Nxg6
fxg6 22. Bc4+ Kh8 23. Bg3 Qc5 24. Bd3 Nd7 25. O-O Ne5 26. Rad1 Rf3 27. Bxe5
Qxe5 28. Kg2 Rdf8 29. Rd2 Qf4 30. Re2 h5 31. Qd2 Qf6 32. g5 Qe6 33. Rh1 Rxf2+
34. Rxf2 Rxf2+ 35. Qxf2 Bxf2 36. Kxf2 Qe5 37. Ke3 Qg3+ 38. Kd4 h4 39. Rf1 Kh7
40. e5 Qxh3 41. Be4 Qg4 42. Rf3 h3 43. Re3 h2 44. bxa6 Qg1 45. a7 h1=Q 46. a8=Q
Qd1+ 47. Rd3 Qhg1+ 48. Kc4 Qb1 49. Qxb7 Qa2+ 50. Qb3 Qb6 51. Qxa2 Qc5+ 52. Kb3
c6 53. Kc2 Qb5 {Time forfeit} 0-1

[Event "Rated Blitz tournament 4wFz0kne"]
[Site "?"]
[Date "2021.06.14"]
[Round "?"]
[White "borets"]
[Black "BTR-07"]
[Result "0-1"]
[WhiteElo "2317"]
[BlackElo "2494"]
[PlyCount "62"]
[EventDate "2021.??.??"]
[EventType "blitz"]

1. e4 e5 2. Nf3 Nc6 3. c3 f5 4. d3 Nf6 5. Nbd2 d5 6. Be2 a6 7. O-O Bc5 8. b4
Ba7 9. a4 b5 10. axb5 axb5 11. Bb2 O-O 12. Qc2 Kh8 13. Ra3 fxe4 14. dxe4 dxe4
15. Nxe4 Bf5 16. Nfd2 Nxe4 17. Nxe4 Qh4 18. Bd3 Rad8 19. Qe2 Rxd3 20. Qxd3 Bxe4
21. Qxb5 Bxg2 22. Kxg2 Qg4+ 23. Kh1 Qf3+ 24. Kg1 Bxf2+ 25. Rxf2 Qxf2+ 26. Kh1
Qe1+ 27. Kg2 Rf2+ 28. Kh3 Qe3+ 29. Kg4 Rf4+ 30. Kg5 Qg1+ 31. Kh5 Qg6# {Normal}
0-1

[Event "Rated Blitz game"]
[Site "?"]
[Date "2021.06.14"]
[Round "?"]
[White "Zadokhlik"]
[Black "Prosvirnov_Sergei"]
[Result "1/2-1/2"]
[WhiteElo "2467"]
[BlackElo "2427"]
[PlyCount "124"]
[EventDate "2021.??.??"]
[EventType "blitz"]

1. e4 e5 2. Nf3 Nc6 3. c3 Nf6 4. d3 Be7 5. Be2 O-O 6. O-O d5 7. Nbd2 Re8 8. b4
a6 9. Bb2 Bf8 10. Re1 h6 11. Qc2 Be6 12. Bf1 dxe4 13. dxe4 b5 14. a3 Nd7 15. c4
bxc4 16. Nxc4 Nd4 17. Nxd4 exd4 18. Bxd4 c5 19. bxc5 Nxc5 20. Rad1 Qc7 21. Be5
Qc6 22. Bd6 Bxc4 23. Bxf8 Bxf1 24. Qxc5 Qxc5 25. Bxc5 Bb5 26. e5 Rad8 27. Bd6
f6 28. f4 fxe5 29. Bxe5 Rxd1 30. Rxd1 Re7 31. Rd6 Rd7 32. Rg6 Kh7 33. Rg3 Rd1+
34. Kf2 Rd2+ 35. Ke1 Rd7 36. h4 g6 37. Rc3 h5 38. Kf2 Kg8 39. Ke3 Kf7 40. Kf3
Ke6 41. g4 Rd3+ 42. Rxd3 Bxd3 43. gxh5 gxh5 44. Ke3 Bc2 45. Kd4 Kf5 46. Kc5 Bd3
47. a4 Be2 48. a5 Bf1 49. Kd4 Be2 50. Ke3 Bf1 51. Kd2 Bc4 52. Kc3 Bb5 53. Kb4
Bd3 54. Kc5 Be2 55. Kd6 Bf1 56. Ke7 Be2 57. Kf7 Bd3 58. Kg7 Be2 59. Kh6 Bd1 60.
Kg7 Be2 61. Bb8 Bd3 62. Be5 Be2 {Normal} 1/2-1/2

[Event "Rated Blitz game"]
[Site "?"]
[Date "2021.06.14"]
[Round "?"]
[White "Mulika13"]
[Black "Prosvirnov_Sergei"]
[Result "1-0"]
[WhiteElo "2498"]
[BlackElo "2399"]
[PlyCount "37"]
[EventDate "2021.??.??"]
[EventType "blitz"]

1. e4 e5 2. Nf3 Nc6 3. c3 Nf6 4. d4 d6 5. Bb5 Bd7 6. d5 Ne7 7. Bxd7+ Qxd7 8.
Nbd2 Ng6 9. O-O Be7 10. Re1 Nf4 11. Nf1 N6h5 12. Ne3 g6 13. h3 f5 14. exf5 gxf5
15. Kh2 Rg8 16. g3 Nxh3 17. Nxe5 dxe5 18. Qxh5+ Kf8 19. Qxh3 {Normal} 1-0

[Event "Rated Blitz game"]
[Site "?"]
[Date "2021.06.14"]
[Round "?"]
[White "Baluk"]
[Black "Capitan-FE"]
[Result "0-1"]
[WhiteElo "2402"]
[BlackElo "2471"]
[PlyCount "102"]
[EventDate "2021.??.??"]
[EventType "blitz"]

1. e4 e5 2. Nf3 Nc6 3. c3 Nf6 4. d4 Nxe4 5. d5 Ne7 6. Nxe5 Nf6 7. c4 d6 8. Nf3
g6 9. h3 Bg7 10. Be2 O-O 11. O-O c5 12. Nc3 a6 13. a4 Nf5 14. Bf4 Re8 15. Re1
Qb6 16. Qc1 Ne4 17. a5 Qd8 18. Bf1 Nxc3 19. bxc3 Bd7 20. g4 Rxe1 21. Nxe1 Nh4
22. Bg5 Bf6 23. Bf4 g5 24. Bg3 Ng6 25. Ng2 h6 26. Bd3 Kg7 27. Qc2 Be5 28. Bxg6
Bxg3 29. fxg3 fxg6 30. Qb2 Rb8 31. Qf2 Qf6 32. Qxf6+ Kxf6 33. Ne3 b5 34. axb6
Rxb6 35. Rf1+ Kg7 36. Re1 a5 37. Ra1 a4 38. Nc2 Rb3 39. Na3 Rxc3 40. Nb5 Rxc4
41. Nxd6 Rb4 42. Re1 a3 43. Re7+ Kf6 44. Rxd7 a2 45. Rf7+ Ke5 46. Nb7 Rb1+ 47.
Rf1 a1=Q 48. Nxc5 Rxf1+ 49. Kg2 Rg1+ 50. Kf2 Qe1+ 51. Kf3 Rf1+ {Time forfeit}
0-1